000 00581nam a2200181Ia 4500
003 GCL
005 20240530102659.0
008 140319s1966 ua 000 0 ara d
040 _aGCL /
_cGCL
082 0 4 _a529.78
_bر أ
100 1 _aرايس، ستانلى
245 1 0 _aاعرف الوقت /
_cتاليف ستانلى رايس ؛ ترجمة محمد قدرى لطفى
260 _aالقاهرة :
_bمكتبة النهضة المصرية ،
_c1966
300 _a143 ص. ؛
_c16 سم.
650 0 4 _aالساعات
700 1 _aستانلى رايسب
942 _2ddc
_cBK
999 _c33954
_d33954